000 00668nam a2200229 a 4500
001 13036
003 BD-JhCC
005 20231113074648.0
008 230614s2018 bg |||| ||a| 000 0 ben d
020 _a9847013300160
035 _a(BD-JhCC)13036
040 _aBD-JhCC
_dBD-JhCC
041 _aben
082 _a891.443
_bAHM 2018
100 _aআহমেদ, হুমায়ূন
245 _aনি /
_cহুমায়ূন আহমেদ
260 _aঢাকা :
_bকাকলী প্রকাশনী,
_c২০১৮.
300 _a৯৯ পৃ. :
_c২১ সেমি.
650 _aBengali Novel
942 _2ddc
_cBK
999 _c13036
_d13036